Financial statement analysis (Record no. 5500)

MARC details
000 -LEADER
fixed length control field 00549cam a2200217ua 4500
001 - CONTROL NUMBER
control field 6353
005 - DATE AND TIME OF LATEST TRANSACTION
control field 20260515114034.0
008 - FIXED-LENGTH DATA ELEMENTS--GENERAL INFORMATION
fixed length control field 131204n ii |||gr||||Z||||||eng
040 ## - CATALOGING SOURCE
Transcribing agency MAIN
082 ## - DEWEY DECIMAL CLASSIFICATION NUMBER
Classification number 657.3
245 ## - TITLE STATEMENT
Title Financial statement analysis
Statement of responsibility, etc. By R.L. Gupta
250 ## - EDITION STATEMENT
Edition statement 5th ed.
260 ## - PUBLICATION, DISTRIBUTION, ETC.
Place of publication, distribution, etc. New delhi:
Name of publisher, distributor, etc. Sultan chand & sons,
Date of publication, distribution, etc. 1995.
300 ## - PHYSICAL DESCRIPTION
Extent x,502p.
653 ## - INDEX TERM--UNCONTROLLED
Uncontrolled term Commerce
653 ## - INDEX TERM--UNCONTROLLED
Uncontrolled term Commerce
653 ## - INDEX TERM--UNCONTROLLED
Uncontrolled term Financial statement analysis
700 ## - ADDED ENTRY--PERSONAL NAME
Personal name Gupta,R.L.,
Relator term Author.,
700 ## - ADDED ENTRY--PERSONAL NAME
Personal name Radhaswamy,M.,
Relator term Author.
942 ## - ADDED ENTRY ELEMENTS (KOHA)
Koha item type Books
Holdings
Withdrawn status Lost status Damaged status Not for loan Home library Current library Shelving location Date acquired Total checkouts Full call number Barcode Date last seen Copy number Price effective from Koha item type Date last checked out
        Naharkatiya College Library Naharkatiya College Library General stacks 09/19/2020   657.3 | GUP 13108 09/19/2020 3 09/19/2020 Books  
        Naharkatiya College Library Naharkatiya College Library General stacks 09/19/2020   657.3 | GUP 13109 09/19/2020 1 09/19/2020 Books  
        Naharkatiya College Library Naharkatiya College Library General stacks 09/19/2020 2 657.3 | GUP 13110 03/09/2023 5 09/19/2020 Books 02/25/2023
        Naharkatiya College Library Naharkatiya College Library General stacks 09/19/2020   657.3 | GUP 13111 09/19/2020 2 09/19/2020 Books  
        Naharkatiya College Library Naharkatiya College Library General stacks 09/19/2020   657.3 | GUP 13112 09/19/2020 4 09/19/2020 Books